[Event "4NCL Division Two"]
[Site "Milton Keynes, ENG"]
[Date "2023.11.11"]
[Round "1.43"]
[White "Batchelor, Peter J"]
[Black "Bradbury, Neil H"]
[Result "1/2-1/2"]
[WhiteElo "2381"]
[BlackElo "2260"]
[PlyCount "83"]
[EventDate "2023.11.11"]
[WhiteTeam "The Sharks 2"]
[BlackTeam "The ADs"]

1. d4 Nf6 2. c4 e6 3. g3 c5 4. d5 exd5 5. cxd5 d6 6. Nc3 g6 7. Bg2 Bg7 8. Nf3
O-O 9. Nd2 b6 10. O-O Re8 11. a4 Na6 12. Nc4 Bf8 13. e4 Nb4 14. Re1 Ba6 15. Bf1
Bxc4 16. Bxc4 a6 17. f4 Nd7 18. Bf1 Bg7 19. Kh1 Qc8 20. Na2 Nxa2 21. Rxa2 c4
22. Qc2 b5 23. Be3 Nf6 24. axb5 axb5 25. Rxa8 Qxa8 26. Bg2 Nxd5 27. Bd2 Ne7 28.
e5 d5 29. e6 Qa4 30. exf7+ Kxf7 31. Qxa4 bxa4 32. Bb4 Bxb2 33. Bxe7 Rxe7 34.
Bxd5+ Kf6 35. Rxe7 Kxe7 36. Bxc4 Kd6 37. Kg2 Kc5 38. Bg8 a3 39. Kf3 Kd4 40. f5
Ke5 41. fxg6 hxg6 42. h4 1/2-1/2

[Event "4NCL Division Two"]
[Site "Milton Keynes, ENG"]
[Date "2023.11.11"]
[Round "1.44"]
[White "Duggan, John E"]
[Black "Foisor, Mihaela-Veronica"]
[Result "1/2-1/2"]
[WhiteElo "2113"]
[BlackElo "2205"]
[PlyCount "57"]
[EventDate "2023.11.11"]
[WhiteTeam "The ADs"]
[BlackTeam "The Sharks 2"]

1. d4 d5 2. c4 e6 3. Nc3 Nf6 4. cxd5 exd5 5. Bg5 Be7 6. e3 c6 7. Bd3 h6 8. Bh4
Ne4 9. Bxe7 Qxe7 10. Qc2 Bf5 11. Nge2 Nd7 12. O-O O-O 13. a3 Rae8 14. b4 Qg5
15. Nf4 h5 16. Rae1 h4 17. Nd1 h3 18. f3 hxg2 19. Nxg2 Nd6 20. Kh1 Bxd3 21.
Qxd3 f5 22. Nf4 Rf6 23. Rg1 Qh4 24. Re2 Kf7 25. Reg2 Rg8 26. Ng6 Qh7 27. Ne5+
Ke6 28. Ng6 Kf7 29. Ne5+ 1/2-1/2

[Event "4NCL Division Two"]
[Site "Milton Keynes, ENG"]
[Date "2023.11.11"]
[Round "1.45"]
[White "Bremner, Adam"]
[Black "Snape, Ian L"]
[Result "1-0"]
[WhiteElo "2279"]
[BlackElo "2184"]
[PlyCount "77"]
[EventDate "2023.11.11"]
[WhiteTeam "The Sharks 2"]
[BlackTeam "The ADs"]

1. d4 c5 2. d5 g6 3. c4 d6 4. e4 Bg7 5. Nf3 Nf6 6. Nc3 O-O 7. h3 e6 8. Bd3 exd5
9. exd5 Re8+ 10. Be3 Rxe3+ 11. fxe3 Qe7 12. O-O Nbd7 13. Qd2 Nh5 14. Qf2 Ne5
15. Nxe5 Bxe5 16. Qf3 Ng3 17. Rf2 h5 18. Ne4 Bf5 19. Nxg3 Bxd3 20. Rc1 f5 21.
Rd2 Be4 22. Qf2 h4 23. Nxe4 fxe4 24. Rf1 Qg5 25. Re2 Kh8 26. Qe1 Bg3 27. Qc3+
Be5 28. Qe1 Bg3 29. Ref2 Kg8 30. Qe2 Bxf2+ 31. Qxf2 Kg7 32. Qf7+ Kh6 33. Rf4
Qg3 34. Rg4 Qxe3+ 35. Kh2 g5 36. Qf6+ Kh5 37. Qf5 Kh6 38. Rxe4 Qg3+ 39. Kh1 1-0

[Event "4NCL Division Two"]
[Site "Milton Keynes, ENG"]
[Date "2023.11.11"]
[Round "1.46"]
[White "Wafa, Shrook"]
[Black "Birtwistle, Nigel"]
[Result "1-0"]
[WhiteElo "2111"]
[BlackElo "2163"]
[PlyCount "81"]
[EventDate "2023.11.11"]
[WhiteTeam "The ADs"]
[BlackTeam "The Sharks 2"]

1. e4 c5 2. Nf3 g6 3. d4 cxd4 4. Nxd4 Nc6 5. c4 Nf6 6. Nc3 Nxd4 7. Qxd4 d6 8.
Be2 Bg7 9. O-O O-O 10. Qd3 a5 11. Rd1 Be6 12. Bg5 a4 13. Rac1 Nd7 14. Qe3 Re8
15. b4 axb3 16. axb3 Qa5 17. Nb5 Rac8 18. Rb1 Qb4 19. Qg3 Be5 20. Qh4 Bf6 21.
Bxf6 Nxf6 22. Nxd6 exd6 23. Qxf6 Ra8 24. h4 h5 25. Qd4 Red8 26. Rd3 Ra2 27. Bf3
Rd7 28. Rbd1 Ra3 29. Qe3 Ra2 30. e5 Ra6 31. exd6 Raxd6 32. Rxd6 Rxd6 33. Rxd6
Qxd6 34. Bxb7 Qd1+ 35. Kh2 Qg4 36. g3 Qf5 37. Bg2 Qb1 38. Bd5 Bd7 39. c5 Qf5
40. Bg2 Qf6 41. c6 1-0

[Event "4NCL Division Two"]
[Site "Milton Keynes, ENG"]
[Date "2023.11.11"]
[Round "1.47"]
[White "Milson, Samuel A"]
[Black "Baltrunas, Evaldas"]
[Result "1/2-1/2"]
[WhiteElo "2181"]
[BlackElo "2166"]
[PlyCount "87"]
[EventDate "2023.11.11"]
[WhiteTeam "The Sharks 2"]
[BlackTeam "The ADs"]

1. e4 c5 2. Nc3 Nc6 3. Bb5 Nd4 4. Nf3 Nxb5 5. Nxb5 d6 6. d4 cxd4 7. Qxd4 a6 8.
Nc3 Nf6 9. Bg5 e5 10. Qd3 Be6 11. Bxf6 Qxf6 12. Nd5 Bxd5 13. Qxd5 Rb8 14. a4
Qe6 15. Qd3 Be7 16. Nd2 O-O 17. O-O g6 18. Rfd1 f5 19. f3 Rbd8 20. Nc4 fxe4 21.
fxe4 Kg7 22. Qd5 Qxd5 23. Rxd5 Kf7 24. Ra3 Ke6 25. g3 Rc8 26. Rc3 Rf7 27. b3
Rcf8 28. Rd2 Rf3 29. Rxf3 Rxf3 30. Kg2 Rf7 31. h4 h5 32. Ne3 Bd8 33. Nd5 Rf8
34. Rd3 Rf7 35. Rc3 Kd7 36. b4 Rf8 37. Rf3 Rxf3 38. Kxf3 Ke6 39. Ke3 g5 40.
hxg5 Bxg5+ 41. Ke2 Bd8 42. c4 Kd7 43. b5 a5 44. Kf3 1/2-1/2

[Event "4NCL Division Two"]
[Site "Milton Keynes, ENG"]
[Date "2023.11.11"]
[Round "1.48"]
[White "Santhosh, Abhyuday"]
[Black "McCarthy, Kevin C"]
[Result "0-1"]
[WhiteElo "2103"]
[BlackElo "2001"]
[PlyCount "59"]
[EventDate "2023.11.11"]
[WhiteTeam "The ADs"]
[BlackTeam "The Sharks 2"]

1. e4 e6 2. d4 d5 3. Nc3 Nf6 4. e5 Nfd7 5. f4 c5 6. Nf3 Nc6 7. Be3 a6 8. Qd2
cxd4 9. Nxd4 Nxd4 10. Bxd4 Bc5 11. Bxc5 Nxc5 12. Qd4 Qb6 13. O-O-O Bd7 14. b4
Na4 15. Nxa4 Qxd4 16. Rxd4 Bxa4 17. g4 Rc8 18. Bd3 h5 19. f5 Ke7 20. Rf1 hxg4
21. fxe6 Kxe6 22. Rxg4 Bxc2 23. Kd2 Rxh2+ 24. Be2 Bf5 25. Rxf5 Kxf5 26. Rxg7
Rc7 27. Ke3 Kxe5 28. Rg5+ f5 29. Bd3 Rf7 30. Rg6 0-1

[Event "4NCL Division Two"]
[Site "Milton Keynes, ENG"]
[Date "2023.11.11"]
[Round "1.51"]
[White "Pitcher, John"]
[Black "Kozusek, Daniel"]
[Result "0-1"]
[WhiteElo "2315"]
[BlackElo "2353"]
[PlyCount "78"]
[EventDate "2023.11.11"]
[WhiteTeam "Warwickshire Select 1"]
[BlackTeam "The Audible Checks"]

1. e4 c6 2. d4 d5 3. exd5 cxd5 4. Bd3 Nf6 5. c3 Bg4 6. Qb3 Qc7 7. h3 Bh5 8. Ne2
Bxe2 9. Bxe2 e6 10. O-O Bd6 11. Nd2 O-O 12. Bd3 Nc6 13. Nf3 Rab8 14. Re1 b5 15.
a3 Bf4 16. Bxf4 Qxf4 17. Re2 Qc7 18. Rae1 Na5 19. Qc2 Nc4 20. Ne5 Nd6 21. Re3
a5 22. g4 b4 23. h4 bxc3 24. bxc3 g6 25. h5 gxh5 26. gxh5 Kh8 27. Rf3 Nfe4 28.
c4 Rg8+ 29. Kh1 Qe7 30. Rh3 Qg5 31. Rh2 f6 32. c5 fxe5 33. cxd6 Qf5 34. Bxe4
dxe4 35. Qe2 exd4 36. Rh4 Rb3 37. Kh2 Rf3 38. Qxe4 Rxf2+ 39. Kh1 Rf1+ 0-1

[Event "4NCL Division Two"]
[Site "Milton Keynes, ENG"]
[Date "2023.11.11"]
[Round "1.52"]
[White "Rudd, Jack"]
[Black "Shearsby, Jude"]
[Result "0-1"]
[WhiteElo "2340"]
[BlackElo "2237"]
[PlyCount "62"]
[EventDate "2023.11.11"]
[WhiteTeam "The Audible Checks"]
[BlackTeam "Warwickshire Select 1"]

1. d4 Nf6 2. c4 g6 3. Nc3 d5 4. Nf3 Bg7 5. Qb3 dxc4 6. Qxc4 O-O 7. e4 a6 8. e5
b5 9. Qb3 Nfd7 10. Be3 c5 11. dxc5 Nxe5 12. Nxe5 Bxe5 13. Rd1 Qa5 14. Qd5 Bxc3+
15. bxc3 Ra7 16. Bd4 Bg4 17. f3 Rd8 18. Qe5 f6 19. Qe3 e5 20. fxg4 exd4 21.
Rxd4 Rxd4 22. Qxd4 Re7+ 23. Kf2 Qxa2+ 24. Kg3 Qe6 25. c4 Rd7 26. Qf4 Nc6 27.
cxb5 Rd4 28. Qf3 h5 29. gxh5 Qe1+ 30. Qf2 Qe5+ 31. Kf3 Qf4+ 0-1

[Event "4NCL Division Two"]
[Site "Milton Keynes, ENG"]
[Date "2023.11.11"]
[Round "1.53"]
[White "Bowcott-Terry, Finlay"]
[Black "Rees, Ioan"]
[Result "1-0"]
[WhiteElo "2303"]
[BlackElo "2289"]
[PlyCount "135"]
[EventDate "2023.11.11"]
[WhiteTeam "Warwickshire Select 1"]
[BlackTeam "The Audible Checks"]

1. e4 e5 2. Nf3 Nc6 3. Bc4 Bc5 4. c3 Nf6 5. d4 exd4 6. cxd4 Bb4+ 7. Kf1 d5 8.
exd5 Nxd5 9. Nc3 Be6 10. Nxd5 Bxd5 11. Qb3 Bxc4+ 12. Qxc4 Bd6 13. Bg5 f6 14.
Re1+ Ne7 15. Bh4 c6 16. d5 Qb6 17. dxc6 Qxc6 18. Qb3 O-O-O 19. Nd4 Qd5 20. Qxd5
Nxd5 21. Nf5 g6 22. Rc1+ Bc7 23. Nd4 Rhe8 24. Nb5 a6 25. Nxc7 Nxc7 26. Bxf6 Rd5
27. g3 Re6 28. Bc3 Nb5 29. Bg7+ Kd7 30. Kg2 Re7 31. Rhd1 Rxd1 32. Rxd1+ Kc6 33.
Bf8 Re2 34. a4 Na7 35. b4 Nc8 36. Rc1+ Kd7 37. Bc5 b6 38. Bd4 Ra2 39. Ra1 Rd2
40. Be3 Rb2 41. a5 Rxb4 42. axb6 Nxb6 43. Rxa6 Nc8 44. Rf6 Ke7 45. Rxg6 hxg6
46. Bc5+ Kf7 47. Bxb4 Nb6 48. Kf3 Nd5 49. Bd2 Kg7 50. Ke4 Nf6+ 51. Kf4 Kh7 52.
Kf3 Nd7 53. Be3 Nb8 54. h4 Nc6 55. Ke4 Ne7 56. g4 Nc6 57. f4 Nd8 58. f5 Nf7 59.
f6 Kg8 60. Kd5 Nd8 61. Bb6 Nf7 62. Ke6 Nh6 63. g5 Nf7 64. Ke7 Ne5 65. Bc7 Nf7
66. h5 Nh8 67. h6 Nf7 68. h7+ 1-0

[Event "4NCL Division Two"]
[Site "Milton Keynes, ENG"]
[Date "2023.11.11"]
[Round "1.54"]
[White "Jones, Steven A"]
[Black "Baker, Chris W"]
[Result "0-1"]
[WhiteElo "2266"]
[BlackElo "2258"]
[PlyCount "122"]
[EventDate "2023.11.11"]
[WhiteTeam "The Audible Checks"]
[BlackTeam "Warwickshire Select 1"]

1. e4 e5 2. Nf3 Nc6 3. Bb5 a6 4. Ba4 Nf6 5. O-O Be7 6. Re1 b5 7. Bb3 O-O 8. c3
d6 9. h3 Na5 10. Bc2 c5 11. d4 Qc7 12. Nbd2 Bd7 13. Nf1 cxd4 14. cxd4 Rac8 15.
Ne3 Rfe8 16. Bd2 Bf8 17. Rc1 Qb6 18. dxe5 dxe5 19. Bc3 Rcd8 20. Nd5 Nxd5 21.
exd5 f6 22. Qd3 g6 23. Nh4 Nc4 24. Nxg6 hxg6 25. Qxg6+ Bg7 26. Re4 f5 27. Qxb6
Nxb6 28. Re2 Rc8 29. Rce1 e4 30. Bxg7 Kxg7 31. g4 fxg4 32. hxg4 Bxg4 33. Rxe4
Rxe4 34. Bxe4 Re8 35. Kh2 Nxd5 36. f3 Nf6 37. Rc1 Nxe4 38. fxg4 Kf6 39. Kg2 Ke5
40. Kf3 Rf8+ 41. Ke3 Rh8 42. Rc6 Rh3+ 43. Ke2 a5 44. Rc8 Nd6 45. Ra8 a4 46. Kd2
Nc4+ 47. Kc1 Rh1+ 48. Kc2 Rh2+ 49. Kc3 Rxb2 50. Rc8 Rb1 51. g5 Nd6 52. Rg8 b4+
53. Kc2 Rg1 54. Rb8 Rg2+ 55. Kc1 b3 56. axb3 a3 57. Ra8 a2 58. g6 Kf6 59. Ra6
Kg7 60. b4 Nc4 61. b5 a1=Q+ 0-1

[Event "4NCL Division Two"]
[Site "Milton Keynes, ENG"]
[Date "2023.11.11"]
[Round "1.55"]
[White "Valdepenas Octavio, Javier"]
[Black "Saunders, Aron"]
[Result "1-0"]
[WhiteElo "2225"]
[BlackElo "2115"]
[PlyCount "77"]
[EventDate "2023.11.11"]
[WhiteTeam "Warwickshire Select 1"]
[BlackTeam "The Audible Checks"]

1. e4 c6 2. d4 d5 3. e5 Bf5 4. Nf3 e6 5. Be2 c5 6. Be3 Qb6 7. Nc3 Nc6 8. O-O
Qxb2 9. Qe1 cxd4 10. Bxd4 Nxd4 11. Nxd4 Bb4 12. Rb1 Bxc3 13. Rxb2 Bxe1 14. Rxe1
b6 15. Bb5+ Kf8 16. Nxf5 exf5 17. c4 dxc4 18. Bxc4 g5 19. Rd2 Rc8 20. Bb3 Rc7
21. Red1 Kg7 22. Rd7 Rxd7 23. Rxd7 Nh6 24. e6 Kf6 25. exf7 Rf8 26. Rxa7 Nxf7
27. Rb7 Nd6 28. Rxb6 Ke5 29. h4 h6 30. Rc6 Ra8 31. Kf1 gxh4 32. f4+ Kxf4 33.
Rxd6 Kg5 34. a4 Rb8 35. Rd3 Rc8 36. Bd1 Rc7 37. Ke1 Rc1 38. Kd2 Ra1 39. Bc2 1-0

[Event "4NCL Division Two"]
[Site "Milton Keynes, ENG"]
[Date "2023.11.11"]
[Round "1.56"]
[White "Bullen, Alex"]
[Black "Brooks, Phil J"]
[Result "1-0"]
[WhiteElo "2146"]
[BlackElo "2178"]
[PlyCount "73"]
[EventDate "2023.11.11"]
[WhiteTeam "The Audible Checks"]
[BlackTeam "Warwickshire Select 1"]

1. d4 e6 2. Nf3 d5 3. c4 c6 4. cxd5 exd5 5. Nc3 Bd6 6. Qc2 Ne7 7. Bg5 O-O 8. e3
f6 9. Bh4 Bf5 10. Bd3 Bxd3 11. Qxd3 Nd7 12. Bg3 Nb6 13. O-O Bxg3 14. hxg3 Qd6
15. Qc2 Rfe8 16. Rab1 a5 17. Nd2 Nec8 18. Rfc1 Qe7 19. Na4 Nxa4 20. Qxa4 Nd6
21. Rc5 Qd8 22. a3 Kh8 23. b4 Nb5 24. Ra1 Ra6 25. bxa5 Qxa5 26. Qc2 Qa4 27. Qb2
Rea8 28. Rcc1 Nd6 29. Rc3 b5 30. Rb3 Qa5 31. Rb4 Qc7 32. Rb3 Kg8 33. Rc1 Qd7
34. Qc3 Nc4 35. Nb1 f5 36. Qb4 Qd6 37. Rxc4 1-0

[Event "4NCL Division Two"]
[Site "Milton Keynes, ENG"]
[Date "2023.11.11"]
[Round "1.57"]
[White "Fallowfield, Jeremy R"]
[Black "Freeland, Alex"]
[Result "0-1"]
[WhiteElo "2199"]
[BlackElo "2016"]
[PlyCount "32"]
[EventDate "2023.11.11"]
[WhiteTeam "Warwickshire Select 1"]
[BlackTeam "The Audible Checks"]

1. e4 e6 2. d4 d5 3. e5 c5 4. c3 Nc6 5. Nf3 Bd7 6. dxc5 Bxc5 7. b4 Bb6 8. b5
Na5 9. Bd3 Ne7 10. O-O Rc8 11. Re1 Nc4 12. Ng5 Ng6 13. Bxc4 Rxc4 14. Qh5 f6 15.
Nf3 O-O 16. Ba3 Nf4 0-1

[Event "4NCL Division Two"]
[Site "Milton Keynes, ENG"]
[Date "2023.11.11"]
[Round "1.58"]
[White "Hng, Mei-Xian Eunice"]
[Black "Dicen, Elis Denele"]
[Result "1-0"]
[WhiteElo "2003"]
[BlackElo "2151"]
[PlyCount "141"]
[EventDate "2023.11.11"]
[WhiteTeam "The Audible Checks"]
[BlackTeam "Warwickshire Select 1"]

1. e4 c5 2. d4 cxd4 3. c3 Nf6 4. e5 Nd5 5. Qxd4 e6 6. Bd3 Nc6 7. Qe4 f5 8. exf6
Nxf6 9. Qh4 Ne5 10. Bc2 Be7 11. Nh3 Nf7 12. O-O O-O 13. c4 h6 14. Nc3 e5 15.
Qg3 d6 16. Qd3 Re8 17. Ne4 Nd7 18. Kh1 Nf8 19. f4 Be6 20. Nc3 Qc8 21. Nd5 Bxd5
22. Qxd5 Qc6 23. Be4 Qxd5 24. Bxd5 Bf6 25. fxe5 Rxe5 26. Bf4 Re2 27. Bxh6 Ne6
28. Rae1 Rxe1 29. Rxe1 Nc7 30. Bxf7+ Kxf7 31. Bf4 Rd8 32. b3 Ne6 33. Bg3 Nd4
34. Rd1 Nf5 35. Bf2 b6 36. Nf4 Be5 37. Nd5 Rh8 38. h3 g5 39. Kg1 Ke6 40. Nc7+
Kd7 41. Nb5 Ra8 42. g4 Ne7 43. Be3 a6 44. Nd4 Rb8 45. Bxg5 Ng6 46. Nf3 Bc3 47.
Kg2 Rg8 48. Be3 Kc6 49. Nd4+ Bxd4 50. Rxd4 b5 51. cxb5+ axb5 52. Bf2 d5 53. h4
Ne5 54. g5 Nf7 55. Be3 Nd6 56. Kh3 Nf5 57. Rd3 d4 58. Bxd4 Kd5 59. Bf6+ Ke4 60.
Rd8 Rxd8 61. Bxd8 b4 62. h5 Ke5 63. h6 Ke6 64. h7 Kf7 65. h8=Q Nd6 66. Qf6+ Kg8
67. Qxd6 Kh7 68. Qf6 Kg8 69. Bb6 Kh7 70. Bd4 Kg8 71. Qg7# 1-0

[Event "4NCL Division Two"]
[Site "Milton Keynes, ENG"]
[Date "2023.11.11"]
[Round "1.61"]
[White "Merry, Alan B"]
[Black "Rogacewicz, Mikolaj"]
[Result "1-0"]
[WhiteElo "2437"]
[BlackElo "2142"]
[PlyCount "70"]
[EventDate "2023.11.11"]
[WhiteTeam "Barbican 4NCL"]
[BlackTeam "Sussex Martlets 1"]

1. d4 e6 2. c4 Nf6 3. g3 d5 4. Nf3 dxc4 5. Bg2 Bb4+ 6. Bd2 a5 7. Qc2 Bxd2+ 8.
Qxd2 c6 9. a4 Ne4 10. Qc2 Nd6 11. O-O b5 12. Nbd2 Qb6 13. b3 cxb3 14. Nxb3 Nc4
15. axb5 cxb5 16. Ne5 Ra7 17. Nxc4 bxc4 18. Qxc4 O-O 19. Qc5 Qxc5 20. dxc5 a4
21. Rfc1 Ra6 22. Nd4 e5 23. Nc2 Ra5 24. Na3 Nd7 25. c6 Nc5 26. Nc4 Ra6 27. Ra3
Nb3 28. Rd1 Bg4 29. Nxe5 Bxe2 30. Rd7 Ra5 31. Bd5 Nc5 32. Rxf7 Rxf7 33. c7 Ba6
34. Bxf7+ Kf8 35. Rf3 Ke7 1-0

[Event "4NCL Division Two"]
[Site "Milton Keynes, ENG"]
[Date "2023.11.11"]
[Round "1.62"]
[White "Payne, Matthew J"]
[Black "Taylor, Martin R"]
[Result "0-1"]
[WhiteElo "2074"]
[BlackElo "2339"]
[PlyCount "48"]
[EventDate "2023.11.11"]
[WhiteTeam "Sussex Martlets 1"]
[BlackTeam "Barbican 4NCL"]

1. e4 Nf6 2. e5 Nd5 3. d4 d6 4. c4 Nb6 5. f4 g6 6. Nc3 Bg7 7. Be3 Be6 8. d5 Bc8
9. Nf3 O-O 10. h4 e6 11. Qd2 exd5 12. cxd5 Bg4 13. O-O-O N8d7 14. e6 fxe6 15.
dxe6 Nc5 16. h5 gxh5 17. Bxc5 dxc5 18. Bd3 Qf6 19. e7 Qxe7 20. Ng5 h6 21. Rde1
Qd6 22. Nh7 Rfd8 23. Re3 c4 24. Ne4 Qc6 0-1

[Event "4NCL Division Two"]
[Site "Milton Keynes, ENG"]
[Date "2023.11.11"]
[Round "1.63"]
[White "Dishman, Stephen"]
[Black "Blake, J Morgan"]
[Result "1/2-1/2"]
[WhiteElo "2306"]
[BlackElo "2121"]
[PlyCount "45"]
[EventDate "2023.11.11"]
[WhiteTeam "Barbican 4NCL"]
[BlackTeam "Sussex Martlets 1"]

1. Nf3 d5 2. c4 d4 3. b4 c5 4. e3 g5 5. Bb2 g4 6. Ne5 Bg7 7. exd4 cxd4 8. Nxg4
Qb6 9. Bd3 Nc6 10. a3 h5 11. c5 Qd8 12. Ne3 Ne5 13. Bb5+ Bd7 14. Bxd7+ Qxd7 15.
O-O dxe3 16. fxe3 e6 17. Bxe5 Bxe5 18. d4 Bg7 19. Nd2 Nf6 20. Nc4 Ne4 21. Qf3
f5 22. Rac1 h4 23. b5 1/2-1/2

[Event "4NCL Division Two"]
[Site "Milton Keynes, ENG"]
[Date "2023.11.11"]
[Round "1.64"]
[White "Graham, David B"]
[Black "Cox, John J"]
[Result "1/2-1/2"]
[WhiteElo "2158"]
[BlackElo "2297"]
[PlyCount "100"]
[EventDate "2023.11.11"]
[WhiteTeam "Sussex Martlets 1"]
[BlackTeam "Barbican 4NCL"]

1. e4 e6 2. d4 d5 3. Nc3 Nc6 4. Nf3 Nf6 5. Bg5 Be7 6. Bxf6 Bxf6 7. Bb5 O-O 8.
O-O dxe4 9. Nxe4 Bd7 10. Qe2 a6 11. Bxc6 Bxc6 12. Nxf6+ gxf6 13. Rfd1 Qd5 14.
c4 Qe4 15. Qxe4 Bxe4 16. Rd2 Rfd8 17. Rad1 Rd6 18. Kf1 Rad8 19. Ke2 b6 20. Ne1
Kf8 21. f3 Bb7 22. Nc2 f5 23. c5 R6d7 24. Nb4 Re7 25. Kf2 a5 26. Nc2 Red7 27.
cxb6 cxb6 28. Ne3 Bd5 29. Nxd5 Rxd5 30. Ke3 Rc8 31. Rd3 Ke7 32. Rc3 Rxc3+ 33.
bxc3 Rb5 34. Kd3 Kd6 35. c4 Rb2 36. Rd2 Rb1 37. Kc3 b5 38. cxb5 Rxb5 39. Rb2
Rxb2 40. Kxb2 Kd5 41. Kc3 f4 42. Kd3 h5 43. Kc3 h4 44. Kd3 f6 45. Kc3 e5 46.
dxe5 fxe5 47. Kd3 a4 48. a3 Kc5 49. Kc3 Kd5 50. Kd3 Kc5 1/2-1/2

[Event "4NCL Division Two"]
[Site "Milton Keynes, ENG"]
[Date "2023.11.11"]
[Round "1.65"]
[White "Sowray, Peter J"]
[Black "Kolani, Arjun"]
[Result "1-0"]
[WhiteElo "2152"]
[BlackElo "2081"]
[PlyCount "69"]
[EventDate "2023.11.11"]
[WhiteTeam "Barbican 4NCL"]
[BlackTeam "Sussex Martlets 1"]

1. c4 c5 2. Nf3 Nf6 3. g3 d5 4. cxd5 Nxd5 5. Nc3 Nc6 6. Bg2 Nc7 7. O-O e5 8. d3
Be7 9. Nd2 Bd7 10. Nc4 f6 11. a4 O-O 12. f4 exf4 13. Bxf4 Be6 14. a5 Nd5 15.
Bd2 Qd7 16. Qa4 Rad8 17. Rf2 f5 18. a6 b6 19. Nxd5 Bxd5 20. Bxd5+ Qxd5 21. Ne3
Qe6 22. Nxf5 Rxf5 23. Rxf5 Qxf5 24. Qxc6 Bf6 25. Rf1 Qe5 26. Bc3 Qe3+ 27. Kg2
Bxc3 28. bxc3 Qxe2+ 29. Rf2 Qxd3 30. Qe6+ Kh8 31. Qe7 h6 32. h4 Qd5+ 33. Kh2
Qd7 34. Rf8+ Kh7 35. Qxd8 1-0

[Event "4NCL Division Two"]
[Site "Milton Keynes, ENG"]
[Date "2023.11.11"]
[Round "1.66"]
[White "Brewer, Callum D"]
[Black "Pert, Max"]
[Result "1/2-1/2"]
[WhiteElo "2128"]
[BlackElo "2151"]
[PlyCount "31"]
[EventDate "2023.11.11"]
[WhiteTeam "Sussex Martlets 1"]
[BlackTeam "Barbican 4NCL"]

1. e4 g6 2. d4 Bg7 3. Nc3 c6 4. f4 d5 5. e5 Nh6 6. Nf3 Bg4 7. Be3 Nf5 8. Be2
Qb6 9. Na4 Qa5+ 10. c3 Bxf3 11. gxf3 Nd7 12. Bd3 e6 13. b4 Qc7 14. Nb2 O-O 15.
O-O a5 16. a3 1/2-1/2

[Event "4NCL Division Two"]
[Site "Milton Keynes, ENG"]
[Date "2023.11.11"]
[Round "1.67"]
[White "Brett, Andrew R"]
[Black "Graham, Cassie M"]
[Result "1-0"]
[WhiteElo "2066"]
[BlackElo "2019"]
[PlyCount "45"]
[EventDate "2023.11.11"]
[WhiteTeam "Barbican 4NCL"]
[BlackTeam "Sussex Martlets 1"]

1. d4 Nf6 2. c4 g6 3. Nf3 Bg7 4. g3 O-O 5. Bg2 d6 6. O-O Nbd7 7. Nc3 c5 8. d5
a6 9. a4 Ng4 10. h3 Nge5 11. Nd2 Nb6 12. Qb3 Rb8 13. Kh2 g5 14. f4 gxf4 15.
gxf4 Ng6 16. Nf3 Nd7 17. e4 Qc7 18. Bd2 h6 19. Qc2 Nb6 20. Ne2 f5 21. Ng3 Bd7
22. exf5 Nh8 23. Ba5 1-0

[Event "4NCL Division Two"]
[Site "Milton Keynes, ENG"]
[Date "2023.11.11"]
[Round "1.68"]
[White "Willson, Ollie"]
[Black "Patel, Diah"]
[Result "1-0"]
[WhiteElo "2100"]
[BlackElo "1482"]
[PlyCount "71"]
[EventDate "2023.11.11"]
[WhiteTeam "Sussex Martlets 1"]
[BlackTeam "Barbican 4NCL"]

1. d4 d5 2. c4 e6 3. Nf3 Nf6 4. g3 g6 5. Bg2 Bg7 6. O-O O-O 7. Bf4 Nc6 8. Nc3
h6 9. cxd5 exd5 10. Rc1 Be6 11. Nb5 Nh5 12. Bxc7 Qd7 13. Bd6 Rfe8 14. Bc5 b6
15. Ba3 Nf6 16. Nc3 Bh3 17. b3 Qg4 18. e3 Bxg2 19. Kxg2 Qh5 20. Nb5 Ng4 21.
Rxc6 Rxe3 22. h3 Nxf2 23. Rxf2 g5 24. g4 Rxf3 25. gxh5 Re3 26. Rc7 f6 27. Qg4
Rd8 28. Be7 Re8 29. Bxf6 Bxf6 30. Rxf6 Re2+ 31. Rf2 Rxf2+ 32. Kxf2 Rf8+ 33. Kg2
Rf7 34. Qe6 Kg7 35. Qxf7+ Kh8 36. Qg7# 1-0